000 02343nam0a2200349 4500
001 RU\NLR\bibl\478523
005 20260407092750.0
010 _a5-86761-062-4
_9600
035 _a(NLR Aleph) 000471482
090 _a996500
_c996500
100 _a20040109d2003 |||y0rusy50 ca
101 0 _arus
102 _aRU
105 _ay |||||||||
200 1 _aКомплексная реабилитация детей-инвалидов с заболеваниями крови и онкогематологией
_eМетод. рекомендации
_fАдминистрация Санкт-Петербурга. Ком. по труду и социал. защите населения и др.
_g[С.И. Капица и др.]
210 _aСПб.
_cПрана
_d2003
215 _a207 с.
_d22
300 _aВ надзаг. также: Негос. образоват. учреждение высш. проф. образования "Ин-т социал.-психол. менеджмента", Целевая мед.-социал. прогр. Санкт-Петербурга "Дети-инвалиды"
320 _aБиблиогр.: с. 202-205 (57назв.)
606 0 _aКровь
_jМетодические пособия
_xБолезни у детей-инвалидов
_xРеабилилитация больных
_92315814
_3RU\NLR\auth\661385704
606 0 _aОнкогематологические болезни у детей-инвалидов
_jМетодические пособия
_xРеабилитация больных
_92315816
_3RU\NLR\auth\661385706
606 0 _aОнкогематологические болезни детей-инвалидов
_jМетодические пособия
_xРеабилитация больных
_92315815
_3RU\NLR\auth\661385705
606 0 _aДети-инвалиды
_jМетодические пособия
_xВоспитание и обучение
_92057714
_3RU\NLR\auth\661233828
686 _aР11(2)442.97я8
686 _aЧ430.1
702 1 _aКапица
_bС. И.
_4220
712 0 1 _4570
_aСанкт-Петербург
_bКомитет по труду и социальной защите населения
_3RU\NLR\AUTH\8810050713
_9601603
801 0 _aRU
_bNLR
_c20040109
_gPSBO
801 1 _aRU
_bNLR
_c20040109
942 _cBOOK
980 _aNB